[Event "UZB-ch Men 2021"]
[Site "Tashkent"]
[Date "2021.04.25"]
[Round "9.5"]
[White "Dzhumaev, Marat"]
[Black "Abdusattorov, Nodirbek"]
[Result "1/2-1/2"]
[WhiteElo "2425"]
[BlackElo "2627"]
[Annotator "TA"]
[PlyCount "83"]
[EventDate "2021.04.17"]
[EventType "tourn"]
[EventCountry "UZB"]
[SourceTitle "playchess.com"]
[Source "ChessBase"]
[SourceQuality "1"]

{[%evp 21,83,63,92,93,88,81,127,128,189,186,174,172,157,174,164,42,93,97,100,92,94,81,73,73,85,69,104,91,94,107,106,108,104,107,94,93,92,112,78,51,51,57,51,47,54,52,58,41,34,8,61,60,66,8,71,62,77,77,79,77,87,0,0,0]} 1. d4 Nf6 2. c4 e6 3. Nc3 c5 4. d5 exd5 5. cxd5 d6 6. Nf3 g6 7. Bf4 a6 8. a4 Bg7 9. h3 O-O 10. e3 Nh5 {Recently 10...Ne8 got a lot of attention.} 11. Bh2 f5 12. Be2 {A61: Modern Benoni: Nf3 without early e4.} f4 13. O-O Nd7 14. Nd2 {White is better.} fxe3 (14... Ne5 $16 {was necessary.}) 15. fxe3 $18 Rxf1+ 16. Qxf1 Ne5 17. Bxh5 gxh5 {[#]} 18. Nde4 $146 (18. Bxe5 $18 Bxe5 19. Nc4) ({Predecessor:} 18. Bxe5 Bxe5 19. Nc4 Qe7 20. Qf3 Bd7 21. Nxe5 Qxe5 22. Rf1 Kh8 23. Qf6+ Qxf6 24. Rxf6 {0-1 (41) Ushenina,A (2496)-Koneru,H (2618) Kallithea 2008}) 18... b6 ({Better is} 18... Qe7 $14) 19. Bf4 $16 Nf7 20. Qf3 Bf5 {[#]} 21. Nxd6 $1 Nxd6 22. Bxd6 {[%mdl 64] Discovered Attack} Qxd6 23. Qxf5 Re8 24. Rf1 {Qf7+ would kill now.} Qg6 25. d6 Qxf5 26. Rxf5 {[%mdl 4096] Endgame KRB-KRN} Rd8 27. Rd5 Kf7 28. Ne4 Bxb2 29. a5 bxa5 30. Nxc5 Ba3 31. Nb7 Rd7 32. Nxa5 {aiming for Nc4.} Rxd6 33. Rxh5 Kg6 34. Re5 {And now Nc4 would win.} Bb4 35. Kf2 h5 (35... Bc3 $11 36. Rc5 Bb4) 36. Nb3 $14 Rb6 37. Rd5 (37. Nc1 $14) 37... h4 (37... Rd6 $11 {remains equal.} 38. Re5 Rb6) 38. Ke2 Bc3 39. Nc5 Bb4 40. Nd3 a5 41. Nxb4 ({White should play} 41. Kf3 $16) 41... axb4 $11 42. Kd2 {White really could win this.  Weighted Error Value: White=0.18/Black=0.15} 1/2-1/2

[Event "UZB-ch Men 2021"]
[Site "Tashkent"]
[Date "2021.04.25"]
[Round "9.6"]
[White "Begmuratov, Khumoyun"]
[Black "Shermuhammadov, Samandar"]
[Result "1-0"]
[WhiteElo "1971"]
[BlackElo "2063"]
[Annotator "ChessBase"]
[PlyCount "101"]
[EventDate "2021.04.17"]
[EventType "tourn"]
[EventCountry "UZB"]
[SourceTitle "playchess.com"]
[Source "ChessBase"]
[SourceQuality "1"]
[TimeControl "5400+30"]

1. e4 {[%emt 0:00:00]} d5 {[%emt 0:00:00]} 2. exd5 {[%emt 0:00:05]} Qxd5 {[%emt 0:00:05]} 3. d4 {[%emt 0:00:16]} Nf6 {[%emt 0:00:12]} 4. c4 {[%emt 0:03:10]} Qd8 {[%emt 0:01:17]} 5. Nf3 {[%emt 0:00:13]} g6 {[%emt 0:03:53]} 6. Nc3 {[%emt 0:01:14]} Bg7 {[%emt 0:00:11]} 7. Be2 {[%emt 0:01:10]} c6 {[%emt 0:00:10]} 8. Be3 {[%emt 0:01:59]} Nbd7 {[%emt 0:01:38]} 9. Qd2 {[%emt 0:02:44]} h6 {[%emt 0:11:28]} 10. d5 {[%emt 0:04:56]} cxd5 {[%emt 0:06:27]} 11. cxd5 {[%emt 0:00:24]} a6 {[%emt 0:10:18]} 12. a4 {[%emt 0:06:36]} Nb6 {[%emt 0:10:18]} 13. Rd1 {[%emt 0:01:30]} Bd7 {[%emt 0:01:22]} 14. b3 {[%emt 0:20:48]} Nc8 {[%emt 0:01:01]} 15. Ne5 {[%emt 0:09:54]} Nd6 {[%emt 0:01:32]} 16. Bf3 {[%emt 0:01:10]} Rc8 {[%emt 0:01:10]} 17. O-O {[%emt 0:06:35]} Bf5 {[%emt 0:03:11]} 18. Bd4 {[%emt 0:01:50]} O-O {[%emt 0:04:47]} 19. Rfe1 {[%emt 0:01:42]} g5 {[%emt 0:03:42]} 20. Qe2 {[%emt 0:06:11]} Re8 {[%emt 0:06:18]} 21. g4 {[%emt 0:00:43]} Bh7 {[%emt 0:02:02]} 22. Nc4 {[%emt 0:04:22]} Nd7 {[%emt 0:03:26]} 23. Bxg7 {[%emt 0:02:42]} Kxg7 {[%emt 0:00:56]} 24. Ne4 {[%emt 0:01:34]} Nxc4 {[%emt 0:07:01]} 25. bxc4 {[%emt 0:00:01]} Qc7 {[%emt 0:00:29]} 26. Qb2+ {[%emt 0:06:28]} Kg8 {[%emt 0:01:59]} 27. Ng3 {[%emt 0:04:08]} Qb6 {[%emt 0:10:41]} 28. Qa1 {[%emt 0:02:01]} Bg6 {[%emt 0:04:52]} 29. Be4 {[%emt 0:04:20]} Bxe4 {[%emt 0:01:44]} 30. Rxe4 {[%emt 0:00:24]} Qf6 {[%emt 0:01:02]} 31. Nf5 {[%emt 0:01:50]} Kf8 {[%emt 0:00:23]} 32. Qa3 {[%emt 0:00:43]} Nc5 {[%emt 0:00:26]} 33. Re3 {[%emt 0:00:17]} h5 {[%emt 0:00:38]} 34. d6 {[%emt 0:00:42]} hxg4 {[%emt 0:00:39]} 35. Nxe7 {[%emt 0:00:23]} Nd7 {[%emt 0:00:54]} 36. Nxc8 {[%emt 0:00:41]} Rxc8 {[%emt 0:00:01]} 37. Re7 {[%emt 0:00:31]} Qf5 {[%emt 0:00:51]} 38. Qb2 {[%emt 0:00:54]} f6 {[%emt 0:01:03]} 39. Rd5 {[%emt 0:01:33]} Ne5 {[%emt 0:00:16]} 40. Qxb7 {[%emt 0:00:33]} g3 {[%emt 0:00:51]} 41. Rf7+ {[%emt 0:00:45]} Kg8 {[%emt 0:00:04]} 42. Rg7+ {[%emt 0:00:03]} Kh8 {[%emt 0:00:05]} 43. Rh7+ {[%emt 0:00:03]} Qxh7 {[%emt 0:00:06]} 44. Qxc8+ {[%emt 0:00:03]} Kg7 {[%emt 0:00:15]} 45. Qb7+ {[%emt 0:00:17]} Nf7 {[%emt 0:00:11]} 46. hxg3 {[%emt 0:00:09]} Qc2 {[%emt 0:01:28]} 47. d7 {[%emt 0:01:08]} Qe2 {[%emt 0:00:38]} 48. d8=Q {[%emt 0:00:34]} Qe1+ {[%emt 0:00:14]} 49. Kg2 {[%emt 0:00:03]} Qe4+ {[%emt 0:00:09]} 50. Kh2 {[%emt 0:00:02]} Qh7+ {[%emt 0:00:14]} 51. Kg1 {[%emt 0:00:03]} 1-0

[Event "UZB-ch Men 2021"]
[Site "Tashkent"]
[Date "2021.04.26"]
[Round "10.1"]
[White "Abdusattorov, Nodirbek"]
[Black "Begmuratov, Khumoyun"]
[Result "1-0"]
[WhiteElo "2627"]
[BlackElo "1971"]
[Annotator "TA"]
[PlyCount "28"]
[EventDate "2021.04.17"]
[EventType "tourn"]
[EventCountry "UZB"]
[SourceTitle "playchess.com"]
[Source "ChessBase"]
[SourceQuality "1"]

{[%evp 9,28,0,18,15,224,226,207,164,247,239,250,213,541,541,975,961,1112,1118,1286,1241,1184]} 1. e4 e5 2. Nf3 Nc6 3. Bb5 Nf6 4. d3 Bc5 5. O-O d6 6. c3 {Black must now prevent d4. C65: Ruy Lopez: Berlin Defence (3...Nf6), unusual lines and 4 0-0 Bc5.} Bg4 $2 {[#]} (6... O-O $11 {and Black stays safe.}) 7. d4 $1 $18 Nxe4 {[#]} 8. Re1 $146 {White is clearly better.} ({Predecessor:} 8. Qd3 Bxf3 9. Qxf3 d5 10. dxc5 Nxc5 11. Rd1 Ne4 12. c4 O-O 13. cxd5 Nd4 14. Rxd4 exd4 15. Qxe4 {1-0 (22) Fernandes,L-Vera Cruz,R ICCF email 2010}) 8... f5 (8... Nxf2 {was worth a try.} 9. Kxf2 Bb6) 9. dxc5 Nxc5 10. h3 Bh5 (10... Bxf3 {is more resistant.} 11. Qxf3 O-O 12. Bxc6 bxc6 13. Qxc6 Rb8) 11. Nxe5 {[%mdl 64] [#] Discovered Attack. White is clearly winning.} dxe5 12. Qxh5+ {[%mdl 64] Double Attack} g6 13. Rxe5+ {[%mdl 64] Double Attack} Kd7 14. Rd5+ Ke6 {Black did not feel at home in the position after the opening.  Weighted Error Value: White=0.06/Black=1.48} 1-0

[Event "UZB-ch Men 2021"]
[Site "Tashkent"]
[Date "2021.04.26"]
[Round "10.2"]
[White "Saydaliev, Saidakbar"]
[Black "Dzhumaev, Marat"]
[Result "1/2-1/2"]
[WhiteElo "2385"]
[BlackElo "2425"]
[Annotator "RC"]
[PlyCount "47"]
[EventDate "2021.04.17"]
[EventType "tourn"]
[EventCountry "UZB"]
[SourceTitle "playchess.com"]
[Source "ChessBase"]
[SourceQuality "1"]
[TimeControl "5400+30"]

1. d4 {[%emt 0:00:00]} Nf6 {[%emt 0:14:49]} 2. c4 {[%emt 0:00:09]} g6 {[%emt 0:00:11]} 3. Nc3 {[%emt 0:01:06]} Bg7 {[%emt 0:00:11]} 4. e4 {[%emt 0:02:19]} d6 {[%emt 0:00:25]} 5. Be2 {[%emt 0:00:43]} O-O {[%emt 0:02:56]} 6. Bg5 {[%emt 0:00:38]} Nc6 {[%emt 0:12:38]} 7. d5 {[%emt 0:04:58]} Ne5 {[%emt 0:01:23]} 8. Qd2 {[%emt 0:08:32]} c6 {[%emt 0:09:12]} 9. Nf3 {[%emt 0:08:22]} Nxf3+ {[%emt 0:03:37]} 10. Bxf3 {[%emt 0:05:41]} a6 {[%emt 0:00:12]} 11. O-O {[%emt 0:04:13]} Rb8 {[%emt 0:00:45]} 12. Rfe1 {[%emt 0:05:29]} Re8 {[%emt 0:02:04]} 13. h3 {[%emt 0:13:45]} Nd7 {[%emt 0:01:51]} 14. Be2 {[%emt 0:01:10]} Qa5 {[%emt 0:03:35]} 15. Bf1 {[%emt 0:04:23]} Ne5 {[%emt 0:04:51]} 16. Rac1 {[%emt 0:05:25]} b5 {[%emt 0:09:33]} 17. cxb5 {[%emt 0:04:31]} axb5 {[%emt 0:00:28]} 18. dxc6 {[%emt 0:02:03]} Nxc6 {[%emt 0:00:08]} 19. Nd5 {[%emt 0:04:59]} Qxd2 {[%emt 0:00:14]} 20. Bxd2 {[%emt 0:00:02]} Bd7 {[%emt 0:00:20]} 21. Nc7 {[%emt 0:09:11]} Rec8 {[%emt 0:00:23]} 22. Nxb5 {[%emt 0:00:19]} Bxb2 {[%emt 0:00:29]} 23. Rc2 {[%emt 0:00:11]} Bf6 {[%emt 0:02:07]} 24. Rec1 {[%emt 0:00:04]} 1/2-1/2

[Event "UZB-ch Men 2021"]
[Site "Tashkent"]
[Date "2021.04.26"]
[Round "10.3"]
[White "Abdisalimov, Abdimalik"]
[Black "Yakubboev, Nodirbek"]
[Result "0-1"]
[WhiteElo "2392"]
[BlackElo "2605"]
[Annotator "TA"]
[PlyCount "76"]
[EventDate "2021.04.17"]
[EventType "tourn"]
[EventCountry "UZB"]
[SourceTitle "playchess.com"]
[Source "ChessBase"]
[SourceQuality "1"]

{[%evp 20,76,0,0,-1,-40,-34,-21,10,0,0,-94,-74,-85,-77,-118,-130,-119,-105,-150,-150,-154,-155,-147,-151,-197,-184,-187,-123,-194,-191,-191,-211,-203,-193,-201,-200,-194,-193,-187,-177,-183,-194,-168,-137,-179,-175,-221,-210,-380,-380,-6230,-6613,-1104,-2102,-29991,-29992,-29992,-42]} 1. e4 e5 2. Nf3 Nc6 3. Bc4 Nf6 4. Ng5 d5 5. exd5 Na5 6. Bb5+ c6 7. dxc6 bxc6 8. Be2 h6 9. Nh3 Bd6 {Nowadays more popular than 9...Bc5.} 10. Nc3 O-O 11. d3 Nd5 {C59: Two Knights: 4 Ng5 d5 5 exd5 Na5 5 Bb5+ c6 6 dxc6 bxc6 7 Be2.} 12. Bf3 Nxc3 13. bxc3 f5 {[#] The position is equal.} 14. O-O $146 ({Predecessor:} 14. g3 Qf6 15. Bd2 g5 16. c4 g4 17. Bxa5 gxf3 18. Bc3 f4 19. Nxf4 Qf5 20. Rg1 {0-1 (47) Sermek,D (2590)-Nyysti,S (2410) Bled 2002}) 14... g5 15. g4 (15. Bh5 $11 {keeps the balance.}) 15... Qd7 {[%cal Rf5g4]} 16. gxf5 Qxf5 17. Bg2 g4 18. Kh1 {[#]} e4 $1 {Strongly threatening ...Qe5!} ({Avoid the trap} 18... gxh3 $2 19. Be4 $18) 19. Qd2 Qe5 $36 {[%csl Gd6][%cal Re5h2][%mdl 2048] Keeping White busy.} ({Inferior is} 19... gxh3 20. Bxe4 Qf4 21. Rg1+ Kh8 22. f3 $11) 20. Nf4 Qxf4 21. Qxf4 Bxf4 22. Bxf4 Rxf4 23. Bxe4 Bf5 (23... Bd7 $19 24. Rab1 Raf8) 24. Bg2 (24. Bxf5 $17 Rxf5 25. Rg1) 24... Rb8 $19 25. Rae1 Rb2 26. Re8+ Kf7 27. Ra8 Rxc2 28. Rxa7+ Kf6 29. Rxa5 Bxd3 30. Rd1 Rfxf2 {Hoping for ...Be2.} 31. Bxc6 Rxh2+ 32. Kg1 Rh3 33. a4 h5 34. Rc5 $2 (34. Rb1 {might work better.} Re2 35. Rb4) 34... h4 35. Re1 $2 (35. Ra5) 35... Rg3+ 36. Kh1 Be2 37. Rh5 Bf3+ 38. Bxf3 {[#]} Rh3+ $1 {Weighted Error Value: White=0.68/Black=0.04} ({Stronger than} 38... Rxf3 39. Rxh4 Kg5 40. Rh8 $11) 0-1

[Event "UZB-ch Men 2021"]
[Site "Tashkent"]
[Date "2021.04.26"]
[Round "10.4"]
[White "Sindarov, Javokhir"]
[Black "Madaminov, Mukhiddin"]
[Result "1-0"]
[WhiteElo "2544"]
[BlackElo "2258"]
[Annotator "TA"]
[PlyCount "100"]
[EventDate "2021.04.17"]
[EventType "tourn"]
[EventCountry "UZB"]
[SourceTitle "playchess.com"]
[Source "ChessBase"]
[SourceQuality "1"]

{[%evp 20,100,45,44,50,37,58,0,0,0,0,0,0,0,0,0,0,0,0,0,-3,-31,-31,-25,-3,-3,-3,-3,0,-4,0,0,0,0,0,0,0,0,0,0,0,-22,0,0,20,21,8,12,268,252,337,338,240,225,243,245,654,625,745,726,29982,29983,29997,29984,29974,1832,1660,1422,1397,1397,29990,29991,29993,12824,29994,29995,29995,29996,29996,29997,29997,29998,29998]} 1. e4 e6 2. d4 d5 3. Nc3 Nf6 4. e5 Nfd7 5. f4 c5 6. Nf3 Nc6 7. Be3 Qb6 8. Na4 Qa5+ 9. c3 b6 {is recently more successful than 9...cxd4.} 10. Bd2 c4 11. b4 $1 {[%cal Rb4a5]} Nxb4 {C11: French: Classical System: 4 e5 and 4 Bg5 dxe4.} 12. cxb4 Bxb4 13. Bxb4 ({Better is} 13. Qc2 $14) 13... Qxb4+ $11 {The position is equal.} 14. Kf2 b5 15. Nc5 Nxc5 16. dxc5 Qxc5+ 17. Qd4 Qxd4+ 18. Nxd4 b4 19. Ke3 Bd7 20. a3 b3 {[%mdl 1024] Black has compensation.} 21. Kd2 Ke7 {[#]} 22. g3 $146 ({Predecessor:} 22. Be2 h5 23. h4 g6 24. Bf3 Rab8 25. Kc3 Rb6 26. Kb2 Rbb8 27. Rac1 {½-½ (71) Londyn,R (2313)-Masek,M (2161) Prague 2006}) 22... Rab8 23. Kc3 Rb6 24. h4 b2 25. Rb1 Rhb8 26. Be2 Ra6 27. Rxb2 Rxa3+ 28. Kc2 Ba4+ 29. Kb1 $1 Rb6 30. Rg1 Re3 31. Kc1 f6 32. Ra2 $36 {[%mdl 2048] White is pushing.} fxe5 33. fxe5 Rb4 {[%mdl 8192] [#] This costs Black the game.} (33... Bd7 $1 $11) 34. Bd1 $1 $18 {[%cal Rd1a4]} Bd7 35. Rxa7 {And now Nc6+ would win.} Ke8 36. Rf1 {Threatens to win with Nc2.} Rxe5 37. Bc2 g6 $2 {[#]} (37... c3) 38. Nf3 Re2 39. Ng5 d4 40. Rf7 Bc8 41. Rxh7 {[%cal Rh7h8]} Bb7 42. Bxg6+ (42. Raxb7 $142 Rxb7 43. Bxg6+ Kd8 44. Rxb7 Rg2 45. Nf7+ Ke8 46. Nd6+ {[%mdl 64] Discovered Attack (Double check)} Kf8 47. Rf7+ Kg8 48. Nc8) 42... Kd8 43. Rhxb7 Rxb7 44. Rxb7 d3 45. Nf7+ Kc8 46. Nd6+ Kd8 47. Be8 {[%csl Ge8][%cal Rb7d7] White mates.} Re1+ 48. Kd2 {[%csl Ge8][%cal Rb7d7]} c3+ 49. Kxe1 {[%csl Ge8][%cal Rb7d7]} d2+ 50. Kf2 {[%csl Ge8][%cal Rb7d7]} d1=N+ {Weighted Error Value: White=0.06/Black=0.65} 1-0

[Event "UZB-ch Men 2021"]
[Site "Tashkent"]
[Date "2021.04.26"]
[Round "10.5"]
[White "Vakhidov, Jakhongir"]
[Black "Rakhmatullaev, Almas"]
[Result "1/2-1/2"]
[WhiteElo "2533"]
[BlackElo "2190"]
[Annotator "TA"]
[PlyCount "103"]
[EventDate "2021.04.17"]
[EventType "tourn"]
[EventCountry "UZB"]
[SourceTitle "playchess.com"]
[Source "ChessBase"]
[SourceQuality "1"]

{[%evp 18,103,25,26,40,35,129,110,114,96,84,97,94,79,83,84,88,48,48,54,49,40,39,35,41,18,60,58,56,50,54,61,82,70,74,88,93,76,71,77,68,47,76,51,45,0,68,65,49,43,47,29,36,0,0,0,0,0,0,0,0,0,0,0,0,0,0,0,0,0,0,0,0,0,0,0,0,0,0,0,0,0,0,0,0,0,0,0]} 1. c4 e5 2. Nc3 Nc6 3. Nf3 g6 4. d4 exd4 5. Nxd4 Bg7 6. Nxc6 bxc6 7. g3 Ne7 8. Bg2 O-O 9. O-O Rb8 10. Qc2 Ba6 {A27: English Opening: Three Knights Variation.} 11. b3 d5 (11... c5 $14) 12. Rd1 $16 Nf5 {White is better.} 13. e3 Qf6 14. Bb2 dxc4 15. Na4 Qe7 16. Bxg7 Nxg7 {[#]} 17. Nb2 $146 ({Predecessor:} 17. Bxc6 cxb3 18. axb3 Bb7 19. Bxb7 Rxb7 20. Nc5 Rb5 21. Nd7 Rd8 22. Qxc7 Ne6 23. Qc6 Rxb3 24. Rxa7 {1-0 (29) Kovacevic,A (2598)-Marinkovic,S (2418) Tivat 2011}) 17... cxb3 18. axb3 Bb5 19. Rxa7 Ne6 20. Raa1 Rfd8 21. Rxd8+ Qxd8 22. h4 Qf6 23. Rc1 Ra8 24. Na4 ({Don't go for} 24. Bxc6 $2 Ra2 $19) 24... Ra6 25. Bh3 Nf8 26. Nc3 Ra7 27. Nxb5 cxb5 28. Bf1 b4 29. Qd2 Qb6 30. Qd5 {Threatens to win with Rc6.} Qf6 31. Qd2 Qb6 $1 32. Qd8 Kg7 33. Bh3 Qf6 34. Qxf6+ Kxf6 $14 {[%mdl 4096] Endgame KRB-KRN} 35. Rc6+ Ne6 {The position is equal.} 36. f4 Ra3 37. Bxe6 fxe6 38. Rxc7 Rxb3 $11 {KR-KR} 39. Kf2 h5 40. Kf3 Rb1 41. Rb7 Rb3 (41... b3 {seems wilder.} 42. Ke4 b2 43. Rb3 Ke7 44. Ke5 Re1) 42. Ke4 Rb1 43. Kf3 $1 Rb3 (43... b3 {is interesting.} 44. Ke4 b2 45. Rb3 Ke7 46. Ke5 Re1) 44. Rb8 Rb1 45. Ke4 b3 46. Rb6 b2 47. Rb7 Rg1 48. Rxb2 Rxg3 49. Rh2 Rg4 50. Kf3 e5 51. Ke4 exf4 52. exf4 {Weighted Error Value: White=0.05/Black=0.07} 1/2-1/2

[Event "UZB-ch Men 2021"]
[Site "Tashkent"]
[Date "2021.04.26"]
[Round "10.6"]
[White "Vokhidov, Shamsiddin"]
[Black "Abdurakhmonov, Mukhammadali"]
[Result "1/2-1/2"]
[WhiteElo "2529"]
[BlackElo "2284"]
[Annotator "TA"]
[PlyCount "80"]
[EventDate "2021.04.17"]
[EventType "tourn"]
[EventCountry "UZB"]
[SourceTitle "playchess.com"]
[Source "ChessBase"]
[SourceQuality "1"]

{[%evp 17,80,31,19,16,27,20,59,0,0,0,5,11,14,9,1,0,0,0,0,0,0,-52,-55,-52,-47,-49,-6,-45,-41,-44,-30,-26,-41,-33,-23,-42,-44,-44,-37,-45,-36,-37,-37,-37,-37,-44,-12,-15,-15,-18,-20,-63,-64,-59,-56,-65,-31,-31,-26,-42,-23,-23,-23,-23,-23]} 1. e4 c5 2. Nf3 e6 3. g3 d5 4. exd5 exd5 5. d4 Nf6 6. Bg2 Be7 7. O-O cxd4 8. Nxd4 O-O 9. Nc3 Nc6 10. Be3 {B24: Closed Sicilian: 3 g3 sidelines.} Re8 11. h3 Ne5 12. b3 ({White should try} 12. Bg5 $14) 12... Bb4 $11 13. Nde2 {[#]} Bxc3 $146 ({Predecessor:} 13... Qa5 14. Na4 b5 15. a3 Bf8 16. Nac3 Bb7 17. Bd4 Rad8 18. Nf4 a6 19. Re1 {½-½ (19) Hvenekilde,J-Hansen,V Aalborg 1965}) 14. Nxc3 Bxh3 $1 15. Bxh3 {aiming for Bg2.} d4 $1 {[%cal Rd4e3] [#]} 16. Re1 {And now Bf4 would win.} dxe3 17. Rxe3 Qa5 18. Qe2 h5 19. b4 (19. Rd1 $11) 19... Qxb4 $15 20. Rb1 Qd4 21. Rxb7 Rad8 22. a3 (22. Rb1 {with more complications.} g6 23. Rd1 Qc5 24. Rxd8 Rxd8 25. Qb5) 22... Neg4 23. Bxg4 Rxe3 24. Qxe3 Qxe3 25. fxe3 Nxg4 {[%mdl 4096] Endgame KRN-KRN} 26. e4 Rd2 27. Rxa7 Rxc2 28. Nd5 g5 29. Ne7+ Kg7 30. Nf5+ Kf6 31. Nd4 Rc4 (31... Rc3 {is more complex.} 32. Nf5 Rc1+ 33. Kg2 Rc2+ 34. Kg1 Nh2) 32. Ra6+ Kg7 33. Nf5+ Kh7 34. Ra7 Rxe4 35. Rxf7+ Kg6 {[#] Hoping for ...Re1+.} 36. Rf8 Re1+ (36... Nf6 $5 {[%cal Rg6f5]} 37. Nd6 Rg4 $17) 37. Kg2 Re2+ 38. Kg1 Ra2 39. Ne7+ Kg7 40. Rf3 Ra1+ {Weighted Error Value: White=0.11/Black=0.07} 1/2-1/2

[Event "UZB-ch Men 2021"]
[Site "Tashkent"]
[Date "2021.04.27"]
[Round "11.1"]
[White "Rakhmatullaev, Almas"]
[Black "Vokhidov, Shamsiddin"]
[Result "0-1"]
[WhiteElo "2190"]
[BlackElo "2529"]
[Annotator "TA"]
[PlyCount "100"]
[EventDate "2021.04.17"]
[EventType "tourn"]
[EventCountry "UZB"]
[SourceTitle "playchess.com"]
[Source "ChessBase"]
[SourceQuality "1"]

{[%evp 11,100,13,9,-14,-9,-20,-18,0,2,-17,0,-1,8,11,13,-17,-21,-22,-18,-14,131,126,132,128,134,137,119,120,119,134,156,149,155,141,196,74,194,170,170,166,173,164,184,169,183,139,177,115,132,130,165,139,129,0,0,0,0,0,0,-31,-40,-30,-35,-108,-102,-140,-121,-445,-452,-481,-538,-556,-525,-539,-510,-515,-487,-922,-895,-825,-823,-1114,-1019,-2133,-2077,-1879,-1820,-29984,-29985,-29985,-29986]} 1. e4 c5 2. Nf3 e6 3. c3 d5 4. exd5 Qxd5 5. d4 Nf6 6. Be3 cxd4 7. Nxd4 {[#] B22: Sicilian: 2 c3.} Bc5 $146 ({Predecessor:} 7... Nc6 8. Nd2 Be7 9. Be2 Nxd4 10. Bxd4 e5 11. Bf3 Qe6 12. Be3 Ng4 13. O-O O-O 14. Bxg4 Qxg4 {0-1 (36) Jarvenpaa,J (2293)-Chigaev,M (2555) Stockholm 2017}) 8. Nd2 O-O 9. N2b3 {The position is equal.} Bb6 10. c4 Qe5 11. Be2 Rd8 12. O-O a5 13. c5 (13. g3 {feels hotter.} Na6 14. Qb1 Nc5 15. Rd1 Nxb3 16. Nxb3 Qc7 17. Bxb6 Qxb6 18. Rxd8+ Qxd8 19. Qc2) 13... Bc7 {[%csl Gc7][%cal Re5h2]} 14. g3 Nd5 15. Nf3 Qh5 (15... Qf5 $11 {keeps the balance.} 16. Nbd4 Nxe3 17. fxe3 Qh5) 16. Ng5 $16 {[%mdl 64] Discovered Attack} Nxe3 17. Bxh5 Nxd1 18. Bxf7+ {[%mdl 64] Double Attack} (18. Raxd1 $6 g6 $11) 18... Kf8 19. Raxd1 Ra6 20. Bh5 a4 21. Nd4 $36 {[%mdl 2048] Be2 is the strong threat. White is in control.} ({Inferior is} 21. Nxh7+ Kg8 $11) 21... h6 {[#]} 22. Nb5 $1 Ba5 23. Nf7 (23. Ne4 $18 {has better winning chances.}) 23... Rd5 (23... Rxd1 $16 {might work better.} 24. Rxd1 Rc6) 24. Rxd5 $18 exd5 25. Nfd6 Bd7 26. Be2 Bc6 27. Nd4 Ra8 28. Bb5 a3 29. b3 (29. Rb1 $18 {aiming for b4.} Bxb5 30. N4xb5 axb2 31. Rxb2 (31. Nxb7 Ke7 $16)) 29... Bc3 $16 30. Rd1 {Hoping for Ne6+.} Ra5 31. Nxc6 bxc6 {[#]} 32. Ba4 (32. Rd3 $1 $16 Bf6 33. b4 $1 Rxb5 34. Nxb5 cxb5 35. Rxa3 (35. Rxd5 Nc6 $16)) 32... Ke7 $11 33. Rd3 Bb2 34. Nb7 Ra6 35. Re3+ Kd7 $1 {[%mdl 1024] Black has compensation.} 36. Rf3 {And now Rf7+ would win.} Bf6 $1 {White must now prevent ...Ra7.} 37. Rf4 ({White should try} 37. Nd6 $15) 37... Ra8 $17 38. h4 {[#]} Kc7 $1 {[%cal Rc7b7]} 39. Rb4 {[%mdl 8192]} (39. Nd6 $17 Nd7 40. Nf5) 39... Nd7 $19 40. Nd6 {Strongly threatening Rb7+.} Nxc5 41. Nf5 Nd3 42. Rg4 h5 43. Rg6 Ne5 44. Rxg7+ (44. Rxf6 $142 gxf6 45. Ne3) 44... Bxg7 45. Nxg7 {[%mdl 4096] Endgame KRN-KBN} Nd3 46. f4 Nb4 47. f5 Kd6 48. f6 Nxa2 49. f7 Nb4 50. Ne8+ Ke7 {Never resign too early!  Weighted Error Value: White=0.70/Black=0.11} 0-1

[Event "UZB-ch Men 2021"]
[Site "Tashkent"]
[Date "2021.04.27"]
[Round "11.2"]
[White "Madaminov, Mukhiddin"]
[Black "Vakhidov, Jakhongir"]
[Result "0-1"]
[WhiteElo "2258"]
[BlackElo "2533"]
[Annotator "TA"]
[PlyCount "60"]
[EventDate "2021.04.17"]
[EventType "tourn"]
[EventCountry "UZB"]
[SourceTitle "playchess.com"]
[Source "ChessBase"]
[SourceQuality "1"]

{[%evp 11,60,25,23,0,0,14,0,0,0,0,0,0,54,0,25,30,18,15,21,36,40,31,39,21,35,0,0,4,37,24,155,149,160,147,200,131,144,137,116,154,139,-984,-958,-29986,-29987,-29987,-29988,-29988,-29989,-29989,-29990]} 1. e4 c5 2. Nf3 g6 3. d4 cxd4 4. Qxd4 Nf6 5. e5 Nc6 6. Qa4 Nd5 7. Qb3 {B27: Sicilian: 2 Nf3, unusual Black 2nd moves.} Nc7 8. Nc3 Bg7 9. Bf4 {The position is equal.} O-O 10. O-O-O {[#]} b5 $146 ({Predecessor:} 10... Ne6 11. Bg3 b5 12. Bxb5 Rb8 13. Qa3 Rb6 14. Bxc6 Rxc6 15. Nd5 Re8 16. Bh4 Bh6+ {0-1 (57) Ayats Llobera,G (2376)-Aloma Vidal,R (2443) Barcelona 2020}) 11. h4 (11. Nxb5 Rb8 $15) (11. Nd5 $11) 11... h5 $14 12. Nd5 ({White should play} 12. Nxb5 $14 Rb8 13. e6) 12... Ne6 13. Bg3 ({Much worse is} 13. Qxb5 Rb8 $17) 13... Qa5 14. Kb1 ({Wrong is} 14. Bxb5 $2 Rb8 $19) 14... b4 $1 15. Ng5 Rb8 16. Bc4 $36 {[%mdl 2048] White has some pressure.} Ba6 17. Bxa6 Qxa6 18. f4 Nc5 $1 {[%cal Rc5b3]} 19. Qe3 Na4 20. b3 Nc3+ (20... e6 $11 {remains equal.}) 21. Nxc3 $16 {[%mdl 64] Discovered Attack} bxc3 22. Rxd7 Rfc8 (22... Rfd8 $16 23. Rxd8+ Rxd8) 23. Rhd1 Qa3 {[%csl Gc3][%cal Ra3b2]} 24. Qc1 Qa6 {[#] White must now prevent ...Nb4.} 25. Bf2 $1 Nb4 {[%csl Gb4][%cal Ra6a2]} 26. a3 {[%mdl 8192] [#]} (26. Rxa7 $16 Qe2 27. Bd4 (27. Rxe7 $2 Nxa2 28. Kxa2 Rxb3 $19)) 26... Nxc2 $1 $19 {[%mdl 576] Discovered Attack} 27. a4 (27. Ka2 Qe2) 27... Rxb3+ {Black mates.} 28. Kxc2 Rb2+ 29. Qxb2 Qe2+ {[%mdl 64] Double Attack} 30. R1d2 cxd2+ {Never resign too early!  Weighted Error Value: White=0.63/Black=0.12} 0-1